[Event "Moscow-ch"]
[Site "Moscow"]
[Date "1984.??.??"]
[Round "?"]
[White "Kishnev, Sergey"]
[Black "Kholmov, Ratmir D"]
[Result "0-1"]
[WhiteElo "2260"]
[BlackElo "2465"]

1.d4 Nf6 2.c4 e6 3.Nc3 Bb4 4.Nf3 c5 5.g3 cxd4 6.Nxd4 O-O 7.Bg2 d5 8.Qb3 Na6
9.cxd5 Nxd5 10.O-O Nc5 11.Qc2 Bxc3 12.bxc3 Bd7 13.Nb3 Nxb3 14.axb3 Bc6 15.Ba3 Re8
16.Rfd1 Qc8 17.Rd4 Ne7 18.Rad1 Bxg2 19.Kxg2 Nc6 20.Rh4 h6 21.g4 Rd8 22.Bd6 e5
23.g5 Nd4 24.Qb1 Nf5 25.Rc4 Qe6 26.Ba3 hxg5 27.Rd3 Rd7 28.Rxd7 Qxd7 29.Qd3 Qe6
30.Rc7 Rc8 31.Rxc8+ Qxc8 32.Bc1 f6 33.f3 Qe6 34.c4 Kf7 35.Be3 a6 36.Bc5 Nh4+
37.Kg3 Qc6 38.Be3 Qc8 39.Qd5+ Kg6 40.Bg1 Nf5+ 41.Kg2 Ne7 42.Qd3+ Kf7 43.b4 g4
44.Bc5 gxf3+ 45.exf3 Qe6 46.Bxe7 Kxe7 47.Qh7 Kf7 48.Qd3 f5 49.Kf2 Kg6 50.Qd8 e4
51.f4 e3+ 52.Ke1 Qe4 53.Qg5+ Kf7 54.Qh5+ Kg8 55.h3 b5 56.Qg6 bxc4 57.Qxa6 Qd5  0-1

[Event "Moscow-ch"]
[Site "Moscow"]
[Date "1984.??.??"]
[Round "?"]
[White "Gulko, Boris F"]
[Black "Vyzmanavin, Alexey"]
[Result "1/2-1/2"]
[WhiteElo "2470"]
[BlackElo "2470"]

1.d4 Nf6 2.c4 e6 3.Nf3 Bb4+ 4.Nc3 b6 5.e3 Bb7 6.Bd3 Ne4 7.O-O Bxc3 8.bxc3 O-O
9.Ne1 f5 10.f3 Nf6 11.Nc2 c5 12.Qe2 d6 13.e4 fxe4 14.fxe4 Nbd7 15.Bg5 Qc7
16.Kh1 cxd4 17.cxd4 e5 18.d5 Rf7 19.Ne3 Raf8 20.Nf5 Nc5 21.Rf3 Nxd3 22.Qxd3 Bc8
23.Raf1 Bxf5 24.Rxf5 Nd7 25.Rxf7 Rxf7 26.Rxf7 Kxf7 27.Qf3+ Kg8 28.Qf5 Nc5
29.Be3 Qd7 30.Bxc5 Qxf5 31.exf5 bxc5 32.g4 Kf7  1/2-1/2

[Event "Moscow-ch"]
[Site "Moscow"]
[Date "1984.??.??"]
[Round "?"]
[White "Rashkovsky, Nukhim N"]
[Black "Kremenietsky, Anatoly M"]
[Result "1/2-1/2"]
[WhiteElo "2470"]
[BlackElo "2410"]

1.d4 Nf6 2.c4 e6 3.Nc3 Bb4 4.Nf3 b6 5.Bg5 h6 6.Bh4 Bb7 7.e3 Bxc3+ 8.bxc3 d6
9.Bd3 Nbd7 10.O-O g5 11.Bg3 Ne4 12.Qc2 f5 13.d5 Ndc5 14.Nd4 Qf6 15.f3 Nxg3
16.hxg3 O-O 17.dxe6 Nxd3 18.Qxd3 Bc8 19.g4 Bxe6 20.f4 Qf7 21.Qc2 c5 22.Nxf5 Bxf5
23.gxf5 Qxf5 24.e4 Qe6 25.fxg5 hxg5 26.Qd2 Qe7 27.Qd5+ Kg7 28.Rae1  1/2-1/2

[Event "Rome"]
[Site "Rome"]
[Date "1984.??.??"]
[Round "2"]
[White "Inkiov, Ventzislav"]
[Black "Nikolac, Juraj"]
[Result "1/2-1/2"]
[WhiteElo "2490"]
[BlackElo "2465"]

1.d4 Nf6 2.c4 e6 3.Nf3 Bb4+ 4.Nc3 c5 5.e3 O-O 6.Bd3 d5 7.O-O Nc6 8.a3 Bxc3
9.bxc3 dxc4 10.Bxc4 Qc7 11.Qc2 Bd7 12.Bd3 Rac8 13.c4 cxd4 14.exd4 Na5 15.Bg5 Nxc4
16.Rac1 b5 17.Ne5 Qd6 18.Bxc4 bxc4 19.Bxf6 gxf6 20.Qd2 c3 21.Qh6 fxe5 22.Qg5+ Kh8
23.Qf6+ Kg8 24.Rfe1 Qxa3 25.Ra1 Qb2 26.Qg5+ Kh8 27.Qf6+  1/2-1/2

[Event "Rome"]
[Site "Rome"]
[Date "1984.??.??"]
[Round "4"]
[White "Pinter, Jozsef"]
[Black "Inkiov, Ventzislav"]
[Result "0-1"]
[WhiteElo "2515"]
[BlackElo "2490"]

1.d4 Nf6 2.c4 e6 3.Nf3 Bb4+ 4.Nc3 c5 5.e3 O-O 6.Bd3 d5 7.O-O cxd4 8.exd4 dxc4
9.Bxc4 b6 10.Re1 Bb7 11.Bd3 Nbd7 12.Bg5 Rc8 13.Rc1 Re8 14.Bh4 Bxc3 15.bxc3 Qc7
16.c4 Qf4 17.Bg3 Bxf3 18.Bxf4 Bxd1 19.Rcxd1 Nb8 20.Bf1 h6 21.f3 Red8 22.Rd2 Nc6
23.Red1 Na5 24.Rc1 Nd5 25.Bg3 Ne3 26.c5 Nxf1 27.Kxf1 bxc5 28.Rdc2 c4 29.Be1 Rd5
30.a4 Rb8 31.Bxa5 Rxa5 32.Rxc4 Rb2 33.Rc8+ Kh7 34.R1c4 Ra2 35.R8c7 Kg6 36.Rd7 R5xa4
37.Rxa4 Rxa4 38.d5 exd5 39.Rxd5 Ra2 40.Rd7 a5 41.Ra7 a4 42.Kg1 a3 43.h3 f5
44.f4 h5 45.h4 Kf6 46.Kh2 Ke6 47.Ra5 g6 48.Kg3 Kd6 49.Kf3 Kc6 50.g3 Kb6 51.Ra8 Kb5
52.Ke3 Ra1 53.Kf2 Kb4 54.Rb8+ Kc3 55.Rc8+ Kb3 56.Rb8+ Ka2 57.Rb6 Rb1 58.Rxg6 Rb3  0-1

[Event "Sochi"]
[Site "Sochi"]
[Date "1984.??.??"]
[Round "?"]
[White "Ubilava, Elizbar"]
[Black "Groszpeter, Attila"]
[Result "1-0"]
[WhiteElo "2475"]
[BlackElo "2480"]

1.d4 Nf6 2.c4 e6 3.Nc3 Bb4 4.Nf3 c5 5.g3 cxd4 6.Nxd4 O-O 7.Bg2 d5 8.Qb3 Bxc3+
9.bxc3 dxc4 10.Qa3 Qb6 11.O-O Nbd7 12.Be3 Nd5 13.Rab1 Qc5 14.Qxc5 Nxc5 15.Bxd5 exd5
16.Nb5 Ne6 17.Rfd1 Bd7 18.Nd6 Rfb8 19.Nxc4 Rc8 20.Rxd5 Bc6 21.Rd2 b6 22.Nd6 Rd8
23.f3 Rd7 24.Nc4 Rxd2 25.Nxd2 f6 26.Kf2 Kf7 27.Nb3 Rd8 28.Ke1 Bd5 29.a4 Rc8
30.Kd2 Rd8 31.Kc2 Bc4 32.Nc1 Nc7 33.a5 Nd5 34.Bd4 f5 35.axb6 axb6 36.e4 fxe4
37.fxe4 Ne7 38.Rxb6 Rd7 39.Nd3 Ng6 40.Nb2 Be6 41.Nd1 Bh3  1-0

[Event "Thessaloniki ol (Women)"]
[Site "Thessaloniki"]
[Date "1984.??.??"]
[Round "8"]
[White "Fischdick, Gisela"]
[Black "Levitina, Irina S"]
[Result "1-0"]
[WhiteElo "2195"]
[BlackElo "2295"]

1.d4 Nf6 2.c4 e6 3.Nc3 Bb4 4.Nf3 c5 5.g3 b6 6.Bg2 Bb7 7.O-O cxd4 8.Qxd4 Nc6
9.Qd3 O-O 10.Bg5 Be7 11.Rfd1 Na5 12.Rac1 d6 13.b3 a6 14.Bxf6 gxf6 15.Ne1 Qc7
16.Bxb7 Nxb7 17.Ng2 Kh8 18.Qe3 Rg8 19.Nf4 Rae8 20.Qf3 Nc5 21.e4 Nd7 22.Na4 Qb7
23.Qe2 b5 24.Nb2 Ne5 25.Nfd3 Rc8 26.f4 Ng4 27.Nf2 Qb6 28.cxb5 axb5 29.Rxc8 Rxc8
30.Qxg4 Rc2 31.Nd3 Rxa2 32.Rc1 Ra8 33.Qe2 Rg8 34.Kg2 Qb7 35.Qf3 Ra8 36.Rc2 Bd8
37.e5 d5 38.exf6 Bxf6 39.Ne5 Bg7 40.Nfd3 f6 41.Ng4 Re8 42.Re2 Qd7 43.b4 Qd6
44.Nc5 e5 45.Ne3 exf4 46.Nf5 Rxe2+ 47.Qxe2 Qe5 48.Qxe5 fxe5 49.gxf4 e4 50.Nxg7 Kxg7
51.Kf2 Kf6 52.Ke3 Kf5 53.Nb3  1-0

[Event "URS Cup"]
[Site "URS"]
[Date "1984.??.??"]
[Round "?"]
[White "Polugaevsky, Lev"]
[Black "Kholmov, Ratmir D"]
[Result "1-0"]
[WhiteElo "2615"]
[BlackElo "2465"]

1.d4 Nf6 2.c4 e6 3.Nf3 Bb4+ 4.Nc3 c5 5.g3 cxd4 6.Nxd4 O-O 7.Bg2 d5 8.Qb3 Nc6
9.Nxc6 Bxc3+ 10.Qxc3 bxc6 11.O-O Qe7 12.b3 Rd8 13.e3 a5 14.a4 Rd7 15.Ba3 Qd8
16.Rfc1 Ba6 17.cxd5 cxd5 18.Qd4 Rb7 19.Rab1 Rab8 20.Rc6 Rxb3 21.Rxb3 Rxb3
22.Rxa6 Rxa3 23.Qb2 Qc8 24.Rxa5  1-0

[Event "Valjevo"]
[Site "Valjevo"]
[Date "1984.??.??"]
[Round "2"]
[White "Campos Moreno, Javier B"]
[Black "Barlov, Dragan"]
[Result "1/2-1/2"]
[WhiteElo "2415"]
[BlackElo "2480"]

1.d4 e6 2.c4 Nf6 3.Nc3 Bb4 4.Nf3 c5 5.g3 cxd4 6.Nxd4 Ne4 7.Qd3 Qa5 8.Nb3 Nxc3
9.Bd2 Ne4 10.Qxe4 Bxd2+ 11.Nxd2 O-O 12.Bg2 Nc6 13.Qe3 d5 14.O-O d4 15.Qd3 e5
16.a3 f5 17.b4 Qc7 18.Bd5+ Kh8 19.Bxc6 bxc6 20.f4 c5 21.fxe5 Qxe5 22.Nf3 Qc7
23.bxc5 Qxc5 24.Qxd4 Qe7 25.Qe5 Qf7 26.Nd4 Bd7 27.Nxf5 Bxf5 28.e4 Qxc4 29.Rxf5 Rfe8
30.Qd5 Qc3 31.Raf1 Qxa3 32.Qd4 a5 33.Ra1 Qb4 34.Qxb4 axb4 35.Rxa8 Rxa8 36.Rb5 Kg8
37.Rxb4 Ra2 38.h4 h5 39.Kf1 g6 40.Rb3 Kf7 41.Re3 Ke6 42.Re2 Ra1+ 43.Kf2 Ke5
44.Kf3 Rf1+ 45.Ke3 Rg1  1/2-1/2

[Event "ARG-ch"]
[Site "Buenos Aires"]
[Date "1985.??.??"]
[Round "1"]
[White "Rubinetti, Jorge A"]
[Black "Debarnot, Roberto"]
[Result "1-0"]
[WhiteElo "2440"]
[BlackElo "2380"]

1.d4 Nf6 2.c4 e6 3.Nc3 Bb4 4.Nf3 O-O 5.Bg5 h6 6.Bh4 Qe7 7.Qc2 d6 8.a3 Bxc3+
9.Qxc3 Nbd7 10.e3 e5 11.Be2 g5 12.dxe5 dxe5 13.Bg3 Ne4 14.Qc2 f5 15.Rd1 Nxg3
16.hxg3 Rf6 17.Qc3 g4 18.Nd2 b6 19.e4 Nc5 20.b4 Nxe4 21.Nxe4 fxe4 22.Qe3 Bf5
23.Rxh6 Rxh6 24.Qxh6 a5 25.c5 Qg7 26.Bc4+ Kf8 27.Qc6 Rc8 28.Ba6 Re8 29.cxb6 cxb6
30.Qxb6 axb4 31.axb4 Qe7 32.Qh6+ Qg7 33.Qd6+ Qe7 34.b5 Qxd6 35.Rxd6 Ke7 36.Rh6 e3
37.fxe3 Bd3 38.Kd2 e4 39.Rg6 Rf8 40.Rxg4 Rf2+ 41.Kc3 Rxg2 42.Bb7 Rc2+ 43.Kd4 Bxb5
44.Bd5 Kf6 45.Kxe4 Rd2 46.Rf4+ Kg5 47.Rf8 Kg6 48.Ke5 Kg7 49.Rg8+ Kh7 50.Rg4 Bd7
51.Rd4 Rxd4 52.exd4 Kg6 53.Be6  1-0

[Event "ARG-ch"]
[Site "Buenos Aires"]
[Date "1985.??.??"]
[Round "12"]
[White "Barbero, Gerardo F"]
[Black "Debarnot, Roberto"]
[Result "1/2-1/2"]
[WhiteElo "2455"]
[BlackElo "2380"]

1.d4 Nf6 2.c4 e6 3.Nc3 Bb4 4.Nf3 b6 5.e3 Bb7 6.Bd3 c5 7.O-O Bxc3 8.bxc3 d6
9.Nd2 e5 10.e4 Nc6 11.Nb3 h6 12.f4 Qe7 13.fxe5 dxe5 14.dxc5 bxc5 15.Be3 Nd7
16.Qg4 f6 17.Qg6+ Kf8 18.Rad1 Nd8 19.Be2 Kg8 20.Qf5 Ne6 21.Na5 Ndf8 22.Rd5 Bc8
23.Qf2 Qc7 24.Bxc5 Qxa5 25.Bxf8 Qxa2 26.Be7 Nf4 27.Rd8+ Kh7 28.Rxh8+ Kxh8
29.Bf3 Qxc4 30.Qb2 Bd7 31.Qb4 Bb5 32.Qxc4 Bxc4 33.Ra1 a5 34.Kf2 Bb3 35.g3 Nh3+
36.Ke3 Ng5 37.Be2 Rc8 38.Rc1 Rc7 39.Bd8 Ra7 40.Bb6 Ra8 41.Ra1 a4 42.Bc5 Bc2
43.Bf3 Rc8 44.Bb4 Rc4 45.Be2 Rxe4+ 46.Kd2 Bb3 47.h4 Nf7 48.Bd3 Rg4 49.Rg1 h5
50.Be2 Nh6 51.Bxg4 hxg4 52.Kd3 Kg8 53.c4 Nf5 54.Bc5 Kf7 55.h5 g6 56.hxg6+ Kxg6
57.Bf2 Ne7 58.Kc3 f5 59.Be3 Kf6 60.Rf1 Ng6 61.Bc1 Ke6 62.Be3  1/2-1/2

[Event "Copenhagen op"]
[Site "Copenhagen"]
[Date "1985.??.??"]
[Round "3"]
[White "Clausen, Steen"]
[Black "Bator, Robert"]
[Result "1/2-1/2"]
[WhiteElo "2285"]
[BlackElo "2380"]

1.c4 e6 2.Nc3 Bb4 3.Nf3 Nf6 4.d4 c5 5.e3 O-O 6.Bd3 d6 7.O-O Bxc3 8.bxc3 Nc6
9.Ng5 e5 10.Ne4 Nxe4 11.Bxe4 Qh4 12.Bd5 exd4 13.cxd4 cxd4 14.Ba3 Rd8 15.exd4 Qxd4
16.Bxc6 Qxd1  1/2-1/2

[Event "Copenhagen op"]
[Site "Copenhagen"]
[Date "1985.??.??"]
[Round "5"]
[White "Clausen, Steen"]
[Black "Heyken, Enno"]
[Result "1/2-1/2"]
[WhiteElo "2285"]
[BlackElo "2350"]

1.d4 Nf6 2.c4 e6 3.Nc3 Bb4 4.Nf3 d5 5.cxd5 exd5 6.Bg5 Nbd7 7.e3 c5 8.Rc1 Qa5
9.Bxf6 Nxf6 10.dxc5 Bxc3+ 11.bxc3 O-O 12.Be2 Bg4 13.O-O Qxc5 14.Qb3 b6 15.c4 Rac8
16.Qb2 Bxf3 17.cxd5 Qxc1  1/2-1/2

[Event "Hamburg-ch"]
[Site "Hamburg"]
[Date "1985.??.??"]
[Round "?"]
[White "Cordes, Hans Joerg"]
[Black "Rhodin, Christian"]
[Result "1-0"]
[WhiteElo "2295"]
[BlackElo "2285"]

1.d4 Nf6 2.c4 e6 3.Nc3 Bb4 4.Nf3 c5 5.g3 cxd4 6.Nxd4 Ne4 7.Qd3 Nxc3 8.bxc3 Be7
9.Bg2 a6 10.O-O O-O 11.Rd1 d6 12.Nb3 Qc7 13.Ba3 Rd8 14.Rab1 Nc6 15.f4 b6
16.Rd2 Bb7 17.e4 Rac8 18.Qe3 Bf8 19.Bf1 Nb8 20.Rbd1 Rd7 21.h4 h6 22.g4 Qc6
23.Re1 Qa4 24.Bc1 d5 25.cxd5 exd5 26.e5 Qc6 27.Nd4 Qxc3 28.Bd3 Qc7 29.Bf5 Nc6
30.Rc2 Bc5 31.Bb2 g6 32.Bxd7 Qxd7 33.f5 gxf5 34.Rxc5 bxc5 35.Nxf5 Qe6 36.Qxc5 d4
37.Kh2 Kh7 38.Nd6 Nxe5 39.Qxe5 Rc2+ 40.Kh3 Qxe5 41.Rxe5 Rxb2 42.Re7 Bg2+
43.Kg3 Bd5 44.Nxf7 Bxf7 45.Rxf7+ Kg6 46.Rd7 Rxa2 47.Rxd4 Ra3+ 48.Kf4 a5 49.Rd7 Kf6
50.h5 Ra4+ 51.Kg3 Kg5 52.Rg7+ Kf6 53.Rg6+ Ke5 54.Rxh6 Ra3+ 55.Kh4 Ra1 56.Kg5  1-0

[Event "Hamburg-ch"]
[Site "Hamburg"]
[Date "1985.??.??"]
[Round "?"]
[White "Cordes, Hans Joerg"]
[Black "Stelting, Thorsten"]
[Result "1-0"]
[WhiteElo "2295"]
[BlackElo "2245"]

1.d4 Nf6 2.c4 e6 3.Nc3 Bb4 4.Nf3 O-O 5.Bg5 h6 6.Bh4 d5 7.e3 c6 8.Bd3 Nbd7
9.O-O Be7 10.Rc1 b6 11.cxd5 exd5 12.Bg3 Bb7 13.Bb1 Re8 14.Ne5 Nf8 15.Qa4 c5
16.Nc6 Bxc6 17.Qxc6 Rc8 18.Qb7 Bd6 19.Qxa7 Bxg3 20.hxg3 g6 21.dxc5 bxc5 22.Rfd1 Re5
23.e4 d4 24.f4 Re7 25.Qa6 Re6 26.Qc4 N8d7 27.Nd5 Nxe4 28.f5 gxf5 29.Nf4 Rd6
30.Qb3 Qg5 31.Kh2  1-0

[Event "Hamburg HSV"]
[Site "Hamburg"]
[Date "1985.??.??"]
[Round "?"]
[White "Cordes, Hans Joerg"]
[Black "Schulte, Oliver"]
[Result "0-1"]
[WhiteElo "2310"]
[BlackElo "2345"]

1.d4 Nf6 2.c4 e6 3.Nc3 Bb4 4.Nf3 b6 5.e3 Ne4 6.Qc2 Bxc3+ 7.bxc3 Bb7 8.Bd3 f5
9.O-O O-O 10.Nd2 Qh4 11.f3 Nxd2 12.Bxd2 Nc6 13.Rab1 Na5 14.c5 Bc6 15.c4 Nb7
16.e4 Qf6 17.Be3 Rae8 18.a4 d6 19.cxd6 cxd6 20.Rfe1 f4 21.Bf2 e5 22.a5 exd4
23.axb6 axb6 24.Rxb6 Rc8 25.Qb2 Nc5 26.Bxd4 Qh4 27.Bf2 Qg5 28.Qd4 Nd7 29.Qxd6 Rf6
30.Qe7 Nxb6 31.Bxb6 Re8 32.Qc7 Rg6 33.Bf1 h5 34.Rd1 h4 35.Rd6 Rxd6 36.Qxd6 Bb7
37.c5 Kh7 38.Qd7 Re7 39.Bd8 Qxc5+  0-1

[Event "Hamburg-ch"]
[Site "Hamburg"]
[Date "1985.??.??"]
[Round "?"]
[White "Cordes, Hans Joerg"]
[Black "Michaelsen, Nils"]
[Result "0-1"]
[WhiteElo "2295"]
[BlackElo "2200"]

1.d4 Nf6 2.c4 e6 3.Nc3 Bb4 4.Nf3 d5 5.cxd5 exd5 6.Bg5 Nbd7 7.e3 c5 8.Bd3 c4
9.Bf5 Qa5 10.Qc2 O-O 11.O-O Re8 12.Nd2 g6 13.Bh3 Bxc3 14.bxc3 Ne4 15.Nxe4 dxe4
16.Bxd7 Bxd7 17.Bf4 Qd5 18.f3 Bc6 19.Qf2 f6 20.h4 Re6 21.Qg3 Rae8 22.Rf2 Kg7
23.Raf1 a6 24.Kh2 b5 25.Qh3 a5 26.a3 Qd8 27.Rd1 Bd5 28.Qg3 Qe7 29.Rb2 Rb6
30.Rdb1 Qd7 31.Rf1 Rb7 32.Rbf2 Re6 33.h5 Qd8 34.hxg6 hxg6 35.Rh1 b4 36.axb4 axb4
37.cxb4 Rxb4 38.fxe4 Qh8+ 39.Qh3 Qxh3+ 40.Kxh3 Rxe4 41.Ra1 g5 42.Bd6 Rb3
43.Ra7+ Kg6 44.Bf8 Rh4+  0-1

[Event "Hamburg HSV"]
[Site "Hamburg"]
[Date "1985.??.??"]
[Round "?"]
[White "Cordes, Hans Joerg"]
[Black "Wegner, Hannu"]
[Result "1-0"]
[WhiteElo "2310"]
[BlackElo "2210"]

1.d4 Nf6 2.c4 e6 3.Nc3 Bb4 4.Nf3 c5 5.g3 Nc6 6.Bg2 Ne4 7.Bd2 Bxc3 8.bxc3 O-O
9.O-O f5 10.Be3 Nxc3 11.Qd3 cxd4 12.Nxd4 Nxd4 13.Bxd4 Ne4 14.f3 Nf6 15.e4 d6
16.Rad1 fxe4 17.fxe4 e5 18.Bxe5 Bg4 19.Bxd6 Bxd1 20.Qxd1 Re8 21.e5 Nd7 22.Qd5+ Kh8
23.Qxb7 Rc8 24.Bh3 Nb6 25.c5 Qg5 26.cxb6 Qe3+ 27.Kh1 Rc1 28.bxa7 Rxf1+ 29.Bxf1 Qf2
30.Qa6  1-0

[Event "Hamburg HSV"]
[Site "Hamburg"]
[Date "1985.??.??"]
[Round "?"]
[White "Cordes, Hans Joerg"]
[Black "Westerinen, Heikki MJ"]
[Result "1/2-1/2"]
[WhiteElo "2310"]
[BlackElo "2390"]

1.d4 Nf6 2.c4 e6 3.Nc3 Bb4 4.Nf3 c5 5.g3 Ne4 6.Qd3 Qa5 7.Qxe4 Bxc3+ 8.Bd2 Bxd2+
9.Nxd2 Nc6 10.d5 Nd4 11.Bg2 Nb3 12.Rd1 Qxa2 13.Qe5 O-O 14.Ne4 f6 15.Qc3 Qa5
16.O-O Qxc3 17.bxc3 a5 18.Nd2 a4 19.Nxb3 axb3 20.Ra1 Rxa1 21.Rxa1 d6 22.Rb1 e5
23.Rxb3 Kf7 24.e4 Ke7 25.f4 g6 26.Kf2 Kd8 27.Ra3 Kc7 28.Ra8 Rf7 29.Ke3 Re7
30.f5 Rg7  1/2-1/2

[Event "Jurmala"]
[Site "Jurmala"]
[Date "1985.??.??"]
[Round "1"]
[White "Hoi, Carsten"]
[Black "Balashov, Yuri S"]
[Result "1/2-1/2"]
[WhiteElo "2420"]
[BlackElo "2510"]

1.d4 Nf6 2.c4 e6 3.Nc3 Bb4 4.Nf3 c5 5.e3 O-O 6.Bd3 d5 7.O-O Nc6 8.a3 Bxc3
9.bxc3 Qc7 10.cxd5 exd5 11.h3 c4 12.Bc2 Qa5 13.Bd2 Ne4 14.Be1 Re8 15.Nh2 Qc7
16.Qh5 Ne7 17.Ng4 Bxg4 18.Qxg4  1/2-1/2

[Event "Kecskemet op"]
[Site "Kecskemet "]
[Date "1985.??.??"]
[Round "10"]
[White "Arkhipov, Sergey"]
[Black "Horvath, Csaba"]
[Result "1/2-1/2"]
[WhiteElo "2545"]
[BlackElo "2330"]

1.d4 Nf6 2.c4 e6 3.Nc3 Bb4 4.Nf3 O-O 5.g3 d5 6.Bg2 dxc4 7.O-O Nc6 8.Bg5 h6
9.Bxf6 Qxf6 10.e3 Rb8 11.Nd2 Na5 12.Qa4 Bxc3 13.bxc3 b6 14.Nxc4 Nxc4 15.Qxc4 Qe7
16.Rfc1 Bb7 17.Bxb7 Rxb7 18.Qc6 Rfb8 19.c4 Qd6 20.d5 a6 21.a4 Ra7 22.Rab1 Qxc6
23.dxc6 Raa8 24.Rc2 Rd8 25.c5 b5 26.Ra2 bxa4 27.Rb7 Rdc8 28.Rxa4 a5 29.f4 Ra6
30.Kf2 Rxc6 31.Rxa5 Rd8 32.Rb2 f5 33.Kf3 Kf7 34.Rc2 Rd5 35.g4 Kf6 36.Rc3 g5
37.h3 gxf4 38.Kxf4 fxg4 39.hxg4 h5 40.gxh5 Rxh5 41.Ke4 Rd5 42.Rc1 Ke7 43.Kf4 Rf5+
44.Ke4 Rd5 45.Rc4  1/2-1/2

[Event "URS-ch sf"]
[Site "Kostroma"]
[Date "1985.??.??"]
[Round "2"]
[White "Basin, Leonid"]
[Black "Zaichik, Gennadi"]
[Result "1/2-1/2"]
[WhiteElo "2200"]
[BlackElo "2475"]

1.d4 Nf6 2.c4 e6 3.Nc3 Bb4 4.Nf3 c5 5.g3 Nc6 6.Bg2 Ne4 7.Qd3 cxd4 8.Nxd4 Nxc3
9.bxc3 Be7 10.Qc2 O-O 11.O-O Na5 12.Qa4 d6 13.Nb3 Nc6 14.c5 Bd7 15.cxd6 Bxd6
16.Rd1 Qe7 17.Rxd6 Qxd6 18.Ba3 Qc7 19.Bxf8 Kxf8 20.Rd1 Bc8 21.Nd4  1/2-1/2

[Event "URS-ch sf"]
[Site "Kostroma"]
[Date "1985.??.??"]
[Round "4"]
[White "Basin, Leonid"]
[Black "Aseev, Konstantin N"]
[Result "1/2-1/2"]
[WhiteElo "2200"]
[BlackElo "2455"]

1.d4 Nf6 2.c4 e6 3.Nc3 Bb4 4.Nf3 c5 5.g3 cxd4 6.Nxd4 O-O 7.Bg2 d5 8.Qb3 Bxc3+
9.bxc3 dxc4 10.Qa3 e5 11.Nb5 Bh3 12.Bxh3 Qd5 13.O-O Qxb5 14.Be3 Nbd7 15.Bg5 Qc5
16.Qb2 Qb6 17.Qa3 Qc5 18.Qb2 Qb6 19.Qa3  1/2-1/2

[Event "Linares"]
[Site "Linares"]
[Date "1985.??.??"]
[Round "?"]
[White "Polugaevsky, Lev"]
[Black "Kortschnoj, Viktor"]
[Result "0-1"]
[WhiteElo "2625"]
[BlackElo "2630"]

1.d4 Nf6 2.c4 e6 3.Nc3 Bb4 4.Nf3 c5 5.g3 Bxc3+ 6.bxc3 Qa5 7.Qd3 Ne4 8.Bd2 f5
9.Bg2 Nc6 10.d5 Nd8 11.O-O Nf7 12.Rfd1 O-O 13.a4 d6 14.Be1 Qa6 15.a5 Bd7
16.Nh4 Rae8 17.Bf1 Ne5 18.Qc2 Nxc4 19.e3 exd5 20.Rxd5 Be6 21.Rad1 Kh8 22.Qe2 Bxd5
23.Rxd5 Ne5 24.f4 Qxe2 25.Bxe2 Ng4 26.Nxf5 Nef6 27.Rd3 c4 28.Rd2 d5 29.Bf3 Nxe3
30.Nd6 Re6 31.Nxb7 Rb8 32.Nc5 Ree8 33.Re2 Rb1 34.h3 Nf5 35.Rxe8+ Nxe8 36.Kf2 Nf6
37.g4 Nd6 38.Bd2 Rb2 39.Ke3 Ra2 40.a6 Nfe4 41.Nxe4 Nxe4 42.Be1 Ra1 43.Bh4 Nxc3  0-1

[Event "Lugano op"]
[Site "Lugano"]
[Date "1985.??.??"]
[Round "?"]
[White "Farago, Ivan"]
[Black "Kudrin, Sergey"]
[Result "1/2-1/2"]
[WhiteElo "2495"]
[BlackElo "2485"]

1.d4 Nf6 2.c4 e6 3.Nc3 Bb4 4.Nf3 c5 5.g3 b6 6.Bg2 Bb7 7.O-O Bxc3 8.bxc3 d6
9.dxc5 dxc5 10.Qxd8+ Kxd8 11.Rd1+ Ke7 12.Bf4 Rc8 13.Rd2 Ke8 14.Rad1 Nc6 15.Ne5 Na5
16.Rd3 Bxg2 17.Kxg2 Ng8 18.Rd7 Ne7 19.Rxe7+ Kxe7 20.Rd7+ Kf8 21.Rxf7+ Kg8
22.Re7 Re8 23.Rc7 Red8 24.h4 Rdc8 25.Re7 Re8  1/2-1/2

[Event "URS-chI"]
[Site "Minsk"]
[Date "1985.??.??"]
[Round "4"]
[White "Azmaiparashvili, Zurab"]
[Black "Kholmov, Ratmir D"]
[Result "1-0"]
[WhiteElo "2465"]
[BlackElo "2450"]

1.d4 Nf6 2.c4 e6 3.Nc3 Bb4 4.Nf3 c5 5.g3 O-O 6.Bg2 d5 7.cxd5 Nxd5 8.Bd2 cxd4
9.Nxd5 Bxd2+ 10.Qxd2 Qxd5 11.Qxd4 Qa5+ 12.b4 Qa4 13.a3 Nc6 14.Qb2 Qb5 15.O-O a5
16.Rab1 h6 17.Rfd1 axb4 18.Nd4 Qb6 19.axb4 Ra4 20.Nxc6 bxc6 21.Qc3 Bb7 22.Rd6 Rc8
23.Rd7 Qb5 24.Be4 Ba8 25.Rbd1 Qb6 26.Rxf7  1-0

[Event "URS-chI"]
[Site "Minsk"]
[Date "1985.??.??"]
[Round "6"]
[White "Azmaiparashvili, Zurab"]
[Black "Ivanov, Alexander"]
[Result "1/2-1/2"]
[WhiteElo "2465"]
[BlackElo "2400"]

1.d4 Nf6 2.c4 e6 3.Nc3 Bb4 4.Nf3 c5 5.g3 b6 6.Bg2 Bb7 7.O-O cxd4 8.Qxd4 Nc6
9.Qd3 O-O 10.Rd1 Rc8 11.Bg5 Na5 12.Ne5 Bxg2 13.Kxg2 d5 14.Nb5 a6 15.cxd5 Qxd5+
16.Qxd5 Nxd5 17.Nd4 f6 18.Nxe6 Rfe8 19.Rxd5 Rxe6 20.Nd3 fxg5 21.Nxb4 Rxe2
22.b3 Rf8 23.Rf1 h6 24.Rd6 Nb7 25.Rxb6 Nc5 26.Rc6 a5 27.Rxc5 axb4 28.Rc4 Rxa2
29.Rxb4 Rb2 30.Kg1 Rf3 31.Rb8+ Kh7 32.b4 Rfb3 33.f4 Rxb4  1/2-1/2

[Event "URS-chI"]
[Site "Minsk"]
[Date "1985.??.??"]
[Round "9"]
[White "Basin, Leonid"]
[Black "Kengis, Edvins"]
[Result "0-1"]
[WhiteElo "2200"]
[BlackElo "2430"]

1.d4 Nf6 2.c4 e6 3.Nc3 Bb4 4.Nf3 b6 5.Bg5 h6 6.Bh4 Bb7 7.e3 g5 8.Bg3 Ne4
9.Qc2 Bxc3+ 10.bxc3 Nxg3 11.fxg3 Nc6 12.Bd3 Qe7 13.O-O O-O-O 14.c5 h5 15.cxb6 cxb6
16.e4 Kb8 17.Rab1 d6 18.Nd2 Rc8 19.Nc4 h4 20.Qf2 Nd8 21.Rb3 d5 22.Nd2 dxe4
23.Bxe4 f5 24.Bxb7 Nxb7 25.Qe3 hxg3 26.Qxg3+ f4 27.Qd3 e5 28.Qe4 Rhe8 29.Rb5 Nd6
30.Qxe5 Qc7 31.Qxg5 Nxb5 32.Qxb5 Qxc3 33.Nf3 Qe3+ 34.Kh1 Qe2 35.Qb1 Qc2 36.Qb4 Rg8
37.Qd6+ Qc7 38.Qf6 Rcf8 39.Qe6 Re8 40.Qd5 Qc2 41.Ne5 Rc8 42.Nd7+ Kc7 43.Nf6 Rgd8
44.Qe5+ Kb7 45.Qxf4 Qd3 46.d5 Rc4 47.Qf2 Rc2 48.Qf4 Rc4 49.Qf2 Rc2 50.Qf4 Rxa2
51.h4 Ra4  0-1

[Event "URS-chI"]
[Site "Minsk"]
[Date "1985.??.??"]
[Round "9"]
[White "Rashkovsky, Nukhim N"]
[Black "Razuvaev, Yuri S"]
[Result "1/2-1/2"]
[WhiteElo "2410"]
[BlackElo "2520"]

1.d4 Nf6 2.c4 e6 3.Nc3 Bb4 4.Nf3 O-O 5.Bg5 c5 6.e3 cxd4 7.exd4 h6 8.Bh4 Qa5
9.Bd3 Bxc3+ 10.bxc3 Qxc3+ 11.Kf1 Nc6 12.Bxf6 gxf6 13.Rb1 d6 14.h4 Kg7 15.Rb3 Qa5
16.Rh3 Rh8 17.d5 exd5 18.Rg3+ Kf8 19.Rb5 Qc7 20.Rxd5 Ne5 21.Nxe5 fxe5 22.c5 dxc5
23.Qh5 c4 24.Bc2 Be6 25.Rxe5 Re8 26.Kg1 Qd6 27.Rge3 Bd7 28.Rd5 Qc7 29.Rc5 Qf4
30.g3 Rg8 31.Rxc4 Qxc4 32.Qxh6+ Rg7  1/2-1/2

[Event "URS-chI"]
[Site "Minsk"]
[Date "1985.??.??"]
[Round "12"]
[White "Rashkovsky, Nukhim N"]
[Black "Khalifman, Alexander"]
[Result "1/2-1/2"]
[WhiteElo "2410"]
[BlackElo "2490"]

1.d4 Nf6 2.c4 e6 3.Nc3 Bb4 4.Nf3 c5 5.g3 Nc6 6.Bg2 Ne4 7.Bd2 Nxd2 8.Qxd2 cxd4
9.Nxd4 Ne5 10.Nc2 Be7 11.b3 O-O 12.O-O a6 13.Ne4 Qc7 14.Rad1 Rb8 15.f4 Ng4
16.h3 Nf6 17.Nd6 b5 18.cxb5 axb5 19.e4 Qa7+ 20.Qf2 Qxa2 21.e5 Nh5 22.Ne4 f5
23.Ra1 Qxb3 24.Nd4 Qb4 25.Rfb1 Qc4 26.Rc1 Qb4 27.Rcb1 Qc4  1/2-1/2

[Event "URS-chI"]
[Site "Minsk"]
[Date "1985.??.??"]
[Round "14"]
[White "Basin, Leonid"]
[Black "Kholmov, Ratmir D"]
[Result "1/2-1/2"]
[WhiteElo "2200"]
[BlackElo "2450"]

1.d4 Nf6 2.c4 e6 3.Nc3 Bb4 4.Nf3 c5 5.g3 cxd4 6.Nxd4 O-O 7.Bg2 d5 8.Qb3 Bxc3+
9.bxc3 dxc4 10.Qa3 Qb6 11.O-O e5 12.Nc2 Qc7 13.Bg5 Nbd7 14.Rfd1 h6 15.Be3 Re8
16.Rab1 Ng4 17.Qa4 Rd8 18.h3 Nxe3 19.Nxe3 Nb6 20.Rxd8+ Qxd8 21.Qb5 Qe7 22.Nxc4 Nxc4
23.Qxc4 Rb8 24.Qb4 Qxb4 25.cxb4 Be6 26.a3 b6 27.e3 Kf8 28.g4 Ke7 29.Rc1 Rc8
30.Rxc8 Bxc8 31.Kf1 Kf6 32.Be4 h5 33.f3 Kg5 34.Kg2 g6 35.Kg3 h4+ 36.Kf2 f5
37.Bd3 Kf6 38.Be2 Bb7 39.f4 fxg4 40.Bxg4 g5 41.fxg5+ Kxg5 42.Be2 Bc8 43.Bf1 Kf6
44.Bg2 Ke7 45.Ke2 Kd6 46.Kd3 Be6 47.Kc3 a5  1/2-1/2

[Event "URS-chI"]
[Site "Minsk"]
[Date "1985.??.??"]
[Round "14"]
[White "Rashkovsky, Nukhim N"]
[Black "Mikhalchishin, Adrian"]
[Result "1/2-1/2"]
[WhiteElo "2410"]
[BlackElo "2505"]

1.d4 Nf6 2.c4 e6 3.Nc3 Bb4 4.Nf3 O-O 5.g3 d5 6.a3 Bxc3+ 7.bxc3 dxc4 8.Bg2 c5
9.O-O Qa5 10.Qc2 Bd7 11.Ne5 Bc6 12.e4 Ba4 13.Qb2 Bb3 14.d5 Nbd7 15.Nxd7 Nxd7
16.Bf4 Rfe8 17.Rfe1 Rad8 18.h4 b5 19.Qe2 Qb6 20.g4 a5  1/2-1/2

[Event "URS-chI"]
[Site "Minsk"]
[Date "1985.??.??"]
[Round "16"]
[White "Basin, Leonid"]
[Black "Ivanov, Alexander"]
[Result "1/2-1/2"]
[WhiteElo "2200"]
[BlackElo "2400"]

1.d4 Nf6 2.c4 e6 3.Nc3 Bb4 4.Nf3 b6 5.Qb3 c5 6.dxc5 Bxc5 7.Bg5 Bb7 8.e3 Be7
9.Be2 Na6 10.O-O h6 11.Bh4 Nc5 12.Qc2 Nce4 13.Nxe4 Nxe4 14.Bxe7 Qxe7 15.Bd3 Nc5
16.Be2 Ne4 17.Bd3 Nc5  1/2-1/2